[Event "Ship Pullmantur op 7th"]
[Site "Mar Mediterraneo"]
[Date "2018.09.16"]
[Round "3.5"]
[White "Lopez Atay, Diana Ruth"]
[Black "Exposito Avila, Gabino"]
[Result "1-0"]
[WhiteElo "1958"]
[BlackElo "1591"]
[PlyCount "83"]
[EventDate "2018.09.15"]
[EventType "swiss"]
[EventRounds "8"]
[EventCountry "ESP"]
[SourceTitle "EXT 2024"]
[Source "ChessBase"]
[SourceDate "2023.10.10"]
[SourceVersion "1"]
[SourceVersionDate "2023.10.10"]
[SourceQuality "1"]

1. e4 e5 2. Nf3 Nc6 3. Bb5 d6 4. d4 Bd7 5. dxe5 a6 6. Bc4 h6 7. 0-0 Bg4 8. e6 fxe6 9. h3 Ne5 10. Be2 Bh5 11. Nxe5 Bxe2 12. Qxe2 dxe5 13. Qh5+ Ke7 14. Rd1 Qe8 15. Qxe5 Rd8 16. Qxc7+ Rd7 17. Qxd7+ Qxd7 18. Rxd7+ Kxd7 19. Bf4 Nf6 20. f3 Bc5+ 21. Kf1 Rc8 22. Nc3 Ke8 23. Rd1 g5 24. Be5 Nh5 25. g4 Nf4 26. Bxf4 gxf4 27. a3 Bxa3 28. Na4 Be7 29. Rd2 Rc6 30. Nc3 Bb4 31. Rd3 Bxc3 32. Rxc3 Rxc3 33. bxc3 b5 34. Ke2 a5 35. Kd1 Kd7 36. Kc1 Kc6 37. Kb2 Kc5 38. h4 Kd6 39. Kb3 a4+ 40. Kb4 Ke5 41. c4 bxc4 42. c3 1-0

[Event "Catalunya-ch (Women)"]
[Site "Amposta"]
[Date "2017.04.16"]
[Round "4.2"]
[White "Ventos Alfonso, Alba"]
[Black "Lopez Atay, Diana Ruth"]
[Result "0-1"]
[WhiteElo "1782"]
[BlackElo "1959"]
[PlyCount "64"]
[EventDate "2017.04.14"]
[EventType "swiss"]
[EventRounds "5"]
[EventCountry "ESP"]
[SourceTitle "EXT 2024"]
[Source "ChessBase"]
[SourceDate "2023.10.10"]
[SourceVersion "1"]
[SourceVersionDate "2023.10.10"]
[SourceQuality "1"]

1. e4 c6 2. d4 d5 3. f3 e6 4. Nc3 Nf6 5. e5 Nfd7 6. f4 c5 7. Nf3 Nc6 8. Be3 g6 9. Nb5 a6 10. Nc3 c4 11. Be2 Bb4 12. Bd2 h5 13. a3 Bf8 14. 0-0 Ne7 15. Nh4 Ng8 16. g3 Be7 17. f5 Bxh4 18. fxg6 fxg6 19. gxh4 Qxh4 20. Be3 Nh6 21. Qd2 Nf5 22. Bg5 Qxd4+ 23. Qxd4 Nxd4 24. Bxc4 dxc4 25. Ne4 Nf5 26. Rad1 0-0 27. Nf6+ Nxf6 28. exf6 b5 29. Rfe1 Ra7 30. Rd2 Rd7 31. Red1 Rxd2 32. Rxd2 Kf7 0-1

[Event "Catalunya-ch (Women)"]
[Site "Amposta"]
[Date "2017.04.14"]
[Round "1.2"]
[White "Lopez Atay, Diana Ruth"]
[Black "Sanchez Gilabert, Andrea"]
[Result "1-0"]
[WhiteElo "1959"]
[BlackElo "1551"]
[PlyCount "75"]
[EventDate "2017.04.14"]
[EventType "swiss"]
[EventRounds "5"]
[EventCountry "ESP"]
[SourceTitle "EXT 2024"]
[Source "ChessBase"]
[SourceDate "2023.10.10"]
[SourceVersion "1"]
[SourceVersionDate "2023.10.10"]
[SourceQuality "1"]

1. e4 c5 2. Nc3 e6 3. g3 Nc6 4. Bg2 Nf6 5. f4 d5 6. e5 Nd7 7. Nf3 Be7 8. 0-0 0-0 9. d3 b6 10. Ne2 Ba6 11. c3 Rc8 12. Kh1 Qc7 13. g4 f6 14. exf6 Bxf6 15. g5 Be7 16. Be3 Rcd8 17. d4 Bd6 18. Ne5 Ne7 19. Bh3 Nf5 20. Qd2 Bxe2 21. Qxe2 g6 22. Rae1 Rde8 23. Bxf5 exf5 24. Qg2 Kh8 25. Qxd5 cxd4 26. Nxd7 dxe3 27. Nxf8 e2 28. Nxg6+ hxg6 29. Rf2 Bxf4 30. Rfxe2 Rxe2 31. Rxe2 Bxg5 32. Re8+ Kg7 33. Qg8+ Kh6 34. Qh8+ Qh7 35. Qe5 Qb7+ 36. Kg1 Kh5 37. Rh8+ Kg4 38. Qg3# 1-0

[Event "Barcelona Tres Peons-B 45th"]
[Site "Barcelona"]
[Date "2016.06.03"]
[Round "8.3"]
[White "Lopez Atay, Diana Ruth"]
[Black "De Azua Arpi, Rafael"]
[Result "0-1"]
[WhiteElo "1993"]
[BlackElo "1920"]
[PlyCount "58"]
[EventDate "2016.04.15"]
[EventType "swiss"]
[EventRounds "9"]
[EventCountry "ESP"]
[SourceTitle "EXT 2024"]
[Source "ChessBase"]
[SourceDate "2023.10.10"]
[SourceVersion "1"]
[SourceVersionDate "2023.10.10"]
[SourceQuality "1"]

1. e4 d6 2. Nc3 Nf6 3. f4 g6 4. Nf3 Bg7 5. g3 0-0 6. Bg2 c6 7. 0-0 Bg4 8. d3 Nbd7 9. Qe1 Qc7 10. Nh4 Nb6 11. f5 e6 12. h3 exf5 13. hxg4 Nxg4 14. Bh3 Rae8 15. Bxg4 fxg4 16. Bf4 h6 17. Ng2 g5 18. Be3 Nd7 19. Qe2 Ne5 20. Ne1 Re6 21. Bd4 Rf6 22. Qe3 Rxf1+ 23. Kxf1 f5 24. Bxe5 Bxe5 25. exf5 Rxf5+ 26. Kg2 Qf7 27. d4 Qh5 28. Kg1 Qh3 29. Ng2 Bxg3 0-1

[Event "Catalunya-ch (Women)"]
[Site "Amposta"]
[Date "2016.03.26"]
[Round "3"]
[White "Riera Morilla, Elizabeth"]
[Black "Lopez Atay, Diana Ruth"]
[Result "1-0"]
[WhiteElo "1960"]
[BlackElo "1972"]
[PlyCount "99"]
[EventDate "2016.03.25"]
[EventType "swiss"]
[EventRounds "5"]
[EventCountry "ESP"]
[SourceTitle "CBM 171 Extra"]
[Source "ChessBase"]
[SourceDate "2016.04.26"]
[SourceVersion "1"]
[SourceVersionDate "2016.04.26"]
[SourceQuality "1"]

1. e4 g6 2. d4 Bg7 3. Nc3 c6 4. Nf3 d5 5. e5 Bg4 6. h3 Bxf3 7. Qxf3 e6 8. Bd3 Nd7 9. 0-0 a6 10. Ne2 c5 11. c3 Qc7 12. Bf4 Ne7 13. Qe3 0-0-0 14. Bh6 Bxh6 15. Qxh6 c4 16. Bc2 Rdg8 17. Qf4 Rg7 18. g4 g5 19. Qg3 h5 20. Kg2 Ng6 21. Bxg6 Rxg6 22. Rh1 Rg7 23. Qe3 Nf8 24. Ng3 hxg4 25. hxg4 Rxh1 26. Rxh1 Qe7 27. Rh8 Rh7 28. Rg8 f6 29. exf6 Qxf6 30. Qxg5 Qxg5 31. Rxg5 Kd8 32. Nh5 Nd7 33. f4 b5 34. Rg8+ Kc7 35. Ra8 Re7 36. g5 Rh7 37. Nf6 Nxf6 38. gxf6 Kb7 39. Re8 Kc7 40. Rxe6 a5 41. Re7+ Rxe7 42. fxe7 Kd7 43. e8Q+ Kxe8 44. Kf3 Kf7 45. f5 b4 46. a3 bxa3 47. bxa3 a4 48. Kg4 Ke7 49. Kg5 Kf7 50. f6 1-0

[Event "Catalunya-ch (Women)"]
[Site "Amposta"]
[Date "2016.03.25"]
[Round "1"]
[White "Claramunt Junjent, Maria"]
[Black "Lopez Atay, Diana Ruth"]
[Result "0-1"]
[WhiteElo "1251"]
[BlackElo "1972"]
[PlyCount "80"]
[EventDate "2016.03.25"]
[EventType "swiss"]
[EventRounds "5"]
[EventCountry "ESP"]
[SourceTitle "CBM 171 Extra"]
[Source "ChessBase"]
[SourceDate "2016.04.26"]
[SourceVersion "1"]
[SourceVersionDate "2016.04.26"]
[SourceQuality "1"]

1. d4 Nf6 2. Nf3 d5 3. e3 e6 4. b3 Bb4+ 5. Bd2 Be7 6. Bc3 Ne4 7. Bb2 0-0 8. Bd3 b6 9. 0-0 Bb7 10. Nbd2 Nd7 11. a3 c5 12. Re1 Rc8 13. c3 a6 14. Qc1 f5 15. Qd1 Qe8 16. Qe2 g5 17. Bxa6 Bxa6 18. Qxa6 g4 19. Nxe4 gxf3 20. Nd2 fxg2 21. Qb5 Bd6 22. Qe2 Nf6 23. Nf3 Kh8 24. Nh4 Ng4 25. f4 Nf6 26. Nxg2 cxd4 27. cxd4 Ne4 28. b4 Rg8 29. Kh1 Qg6 30. Rg1 Qh6 31. Ne1 Ng3+ 32. Rxg3 Rxg3 33. Nf3 Rxf3 34. Qxf3 Rc2 35. Qg3 Rxb2 36. b5 Rxb5 37. a4 Rb2 38. a5 bxa5 39. Rxa5 Rb6 40. Ra8+ Bb8 0-1

[Event "Barcelona Sant Marti op-A 5th"]
[Site "Barcelona"]
[Date "2016.01.21"]
[Round "2"]
[White "Scalzi Evans, Federico"]
[Black "Lopez Atay, Diana Ruth"]
[Result "1-0"]
[WhiteElo "2055"]
[BlackElo "1972"]
[PlyCount "47"]
[EventDate "2016.01.14"]
[EventType "swiss"]
[EventRounds "9"]
[EventCountry "ESP"]
[SourceTitle "EXT 2017"]
[Source "ChessBase"]
[SourceDate "2016.10.25"]
[SourceVersion "1"]
[SourceVersionDate "2016.10.25"]
[SourceQuality "1"]

1. d4 Nf6 2. c4 e6 3. Nc3 Bb4 4. a3 Bxc3+ 5. bxc3 Ne4 6. g3 0-0 7. Bg2 f5 8. Qc2 c5 9. f3 Nf6 10. Nh3 d6 11. 0-0 Nc6 12. d5 Na5 13. e4 fxe4 14. fxe4 e5 15. Bg5 h6 16. Bxf6 Rxf6 17. Qe2 Rxf1+ 18. Rxf1 b6 19. Qh5 Qe7 20. g4 Nxc4 21. g5 Ne3 22. gxh6 gxh6 23. Rf3 Ng4 24. Qg6+ 1-0

[Event "Catalunya-ch (Women) 73rd"]
[Site "Platja d'Aro"]
[Date "2015.04.03"]
[Round "1"]
[White "Claramunt Junjent, Maria"]
[Black "Lopez Atay, Diana Ruth"]
[Result "0-1"]
[WhiteElo "1631"]
[BlackElo "2062"]
[PlyCount "52"]
[EventDate "2015.04.03"]
[EventType "swiss"]
[EventRounds "5"]
[EventCountry "CAT"]
[SourceTitle "CBM 165 Extra"]
[Source "ChessBase"]
[SourceDate "2015.04.21"]
[SourceVersion "1"]
[SourceVersionDate "2015.04.21"]
[SourceQuality "1"]

1. d4 Nf6 2. c3 d5 3. Nf3 e6 4. e3 Bd6 5. Bd3 0-0 6. 0-0 c5 7. c4 Nc6 8. b3 cxd4 9. exd4 dxc4 10. bxc4 b6 11. Nbd2 Bb7 12. a4 Rc8 13. Bb2 h6 14. Re1 Qc7 15. Qc2 Nb4 16. Qc3 Nxd3 17. Qxd3 Rfd8 18. Re3 Ng4 19. g3 Nxe3 20. Qxe3 Be7 21. Qd3 Qc6 22. h4 Bb4 23. Bc3 Bxc3 24. Qxc3 g5 25. g4 gxh4 26. Nxh4 Qh1# 0-1

[Event "Catalunya-ch (Women) 72nd"]
[Site "Barcelona"]
[Date "2014.04.18"]
[Round "1"]
[White "Cardo Llagostera, Joana Llum"]
[Black "Lopez Atay, Diana Ruth"]
[Result "0-1"]
[WhiteElo "1883"]
[BlackElo "2080"]
[PlyCount "46"]
[EventDate "2014.04.18"]
[EventType "swiss"]
[EventRounds "6"]
[EventCountry "ESP"]
[SourceTitle "EXT 2016"]
[Source "ChessBase"]
[SourceDate "2015.10.08"]
[SourceVersion "1"]
[SourceVersionDate "2015.10.08"]
[SourceQuality "1"]

1. c4 e5 2. Nc3 Nc6 3. g3 g6 4. Bg2 Bg7 5. Nf3 d6 6. 0-0 f5 7. d3 Nf6 8. a3 0-0 9. Bd2 h6 10. e3 g5 11. Qc2 Ne7 12. Rab1 Ng6 13. b4 g4 14. Ne1 f4 15. exf4 exf4 16. f3 fxg3 17. hxg3 Nh5 18. Kh2 Nxg3 19. Rf2 Nh5 20. Kg1 Bd4 21. Bxh6 g3 22. Bxf8 gxf2+ 23. Kf1 Ng3# 0-1